Normal view
MARC view
Entry Topical Term
001 - CONTROL NUMBER
- control field: 6924
003 - CONTROL NUMBER IDENTIFIER
- control field: PK-LaUMT
005 - DATE AND TIME OF LATEST TRANSACTION
- control field: 20250822095448.0
008 - FIXED-LENGTH DATA ELEMENTS
- fixed length control field: 250822|| aca||aabn | a|a d
040 ## - CATALOGING SOURCE
- Original cataloging agency: PK-LaUMT
- Transcribing agency: PK-LaUMT
150 ## - HEADING--TOPICAL TERM
- Topical term or geographic name as entry element: Mathematical analysis
670 ## - SOURCE DATA FOUND
- Source citation: Work cat.: (PK-LaUMT)138212: Kausar, Stability of isotropic massive stellar object in f(R) gravity [MS Mathematics] / , 2022
